Παρίσι
Αποθηκεύτηκε σε:
| Άλλοι συγγραφείς: | , |
|---|---|
| Μορφή: | Βιβλίο |
| Γλώσσα: | Greek |
| Δημοσίευση: |
Αθήνα :
Δομή,
c1998
|
| Έκδοση: | 2η έκδ. |
| Σειρά: | Χρυσοί ταξιδιωτικοί οδηγοί
|
| Θέματα: | |
| Ετικέτες: |
Προσθήκη ετικέτας
Δεν υπάρχουν, Καταχωρήστε ετικέτα πρώτοι!
|
MARC
| LEADER | 00000nam a2200000 i 4500 | ||
|---|---|---|---|
| 001 | 1/95433 | ||
| 008 | 991206s1998 gre d | ||
| 035 | |l 10055318 | ||
| 040 | |a GR-MY-UA |b gre |e aacr | ||
| 041 | 0 | |a gre | |
| 082 | 0 | |a 914.4361 | |
| 245 | 1 | 0 | |a Παρίσι / |c μετάφραση: Νάσια Ιωάννου ; επιμέλεια-διόρθωση: Σάσα Κρίτση |
| 250 | |a 2η έκδ. | ||
| 260 | |a Αθήνα : |b Δομή, |c c1998 | ||
| 300 | |a 288 σ. |b εικ. + χάρτες | ||
| 490 | 1 | |a Χρυσοί ταξιδιωτικοί οδηγοί | |
| 500 | |a Ένας πλήρης οδηγός με 350 έγχρωμες εικόνες και χάρτες | ||
| 504 | |a Περιλαμβάνει ευρετήριο | ||
| 651 | 0 | |a Paris (France) |x Guidebooks. | |
| 651 | 0 | |a Paris (France) |x Description and travel. | |
| 700 | 1 | |a Ιωάννου, Νάσια. |4 trl | |
| 700 | 1 | |a Κρίτση, Σάσα. |4 edt | |
| 830 | 0 | |a Χρυσοί ταξιδιωτικοί οδηγοί | |
| 852 | |a INST |b CHIOS |e 19991206 |h 914.4361 ΠΑΡ |p 005200019248 |q 005200019248 |t BK |y 0 | ||
| 901 | |a BIBL2-1999-3 | ||
| 909 | |a Χ |b 070802 | ||
| 922 | |a 2ΕΛΗ |b 199911 |c ΤΔΕ |d ΠΑΠΑΣΩΤΗΡΙΟΥ | ||
| 950 | |a 112-1999-11-17 | ||
| 970 | |a ΣΑΛΑΜΟΥΡΑ |b ΜΑΡΙΑ |z 1999/12/14 | ||